Give us the money /

Hlavní autor: Clarke, Maeve
Jazyk: Angličtina
Vydáno: Oxford : Oxford University Press, 2001
Vydání: 1st pub.
Edice: Oxford bookworms starters
Témata:
Fyzický popis: 30 s. : barev. il.
Knihy
Uloženo v:
LEADER 01213nam a2200337 a 4500
001 000996040
003 CZ BrMZK
005 20200316074554.0
007 ta
008 010825s2001 xxka g 6 000 1 eng
020 |a 0194232360  |q (brož.) 
040 |a BOA001  |b cze 
072 7 |a 811.111  |x Angličtina  |2 Konspekt  |9 11 
072 7 |a 741.52  |x Komiksy. Komiksové adaptace  |2 Konspekt  |9 21 
080 |a 741.52(0:82-321.3)  |2 MRF 
080 |a 811.111  |2 MRF 
080 |a 028.4-028.31/.32  |2 MRF 
100 1 |a Clarke, Maeve  |7 mzk2012708759  |4 aut 
245 1 0 |a Give us the money /  |c Maeve Clarke ; illustrated by Axel Rator 
250 |a 1st pub. 
260 |a Oxford :  |b Oxford University Press,  |c 2001 
300 |a 30 s. :  |b barev. il. 
490 1 |a Oxford bookworms starters 
650 0 7 |a angličtina  |7 ph114056  |2 czenas 
650 0 7 |a zjednodušená četba  |7 ph656682  |2 czenas 
655 7 |a akční a dobrodružné komiksy  |7 fd1057471  |2 czenas 
830 0 |a Oxford bookworms starters 
910 |a BOA001  |b AK-0005.900 
990 |a BK 
991 |b 200911  |g g  |y British Council Brno - Czech Republic  |z 000044613  |x 99 
996 7 |b 261E002269  |c AK-0005.900  |l Anglická knihovna/2.patro  |r ZHR  |n 55  |h SR-F  |w 000996040  |u 000010  |a 0  |e BOA001  |j MZK50  |s A